Guess the anime by bad description - Statistics

General Stats
  • This quiz has been taken 811 times
  • The average score is 7 of 15
Answer Stats
Hint Answer % Correct
Eats fingers as a power snack Jujutsu Kaisen
89%
Talk no jutsu saves the day again Naruto
81%
Killer teenager and a shinigami who sure loves his apples Death note
80%
Scientist microwaves banana and everything goes wrong Steins gate
61%
Man eating people and swinging soldiers Attack on titan
60%
Boy's hair changes colour after centipede trauma Tokyo ghoul
60%
Loud midget with a high reach jump Haikyuu
54%
Gambling students with emotions that are quite intense Kakegurui
53%
Boy thinks he died from a car accident but it was infact shock Konosuba
28%
Has all the power in the world but all he wants is coffee jelly The disastrous life of Saiki K
27%
Fancy outfits and famous poses Jojo's bizzare adventure
22%
Giant scythe man and a girl with a death wish Angels of death
21%
Grown adults escape prison to try and defeat a 17 y/o Baki
15%
Beautiful blonde haired manipulator escapes death twice Monster
14%
Spoilt brat with a king for a father and a princess for a mother Boruto
2%
No matching quizzes found
Score Distribution
Percent of People with Each Score
Percentile by Number Answered
Your Score History
You have not taken this quiz